| Поле | Инд. | ПП | Название | Значение |
|---|---|---|---|---|
| Тип записи | a | |||
| Библиографический уровень | m | |||
| 001 | Контрольный номер | 3a8cb3d33a44432fa2ccf40b2e16e357 | ||
| 005 | Дата корректировки | 20161024093621.0 | ||
| 020 | a | ISBN | 978-5-7609-1063-9 | |
| 040 | a | Служба первич. каталог. | НБ ТвГУ | |
| b | Код языка каталог. | rus | ||
| e | Правила каталог. | PSBO | ||
| 041 | 0_ | a | Код языка текста | rus |
| 080 | a | Индекс УДК | 94(470.331)(082) | |
| 084 | a | Индекс другой классификации/Индекс ББК | Т3(2Рос-4Тве)я431 | |
| 090 | a | Полочн. индекс | Т3(2Рос) | |
| x | Авторский знак | У 11 | ||
| 097 | b | Оператор | mimoza | |
| 110 | 2_ | a | Организация/ юрисдикция | Тверской государственный университет |
| 245 | 10 | a | Заглавие | У истоков российского государства |
| b | Продолж. заглавия | материалы научной конференции "У истоков Российского государства. Тверь. Москва: к 700-летию со дня памяти великой княгини Ксении Тверской" (Тверь-Кашин, 6-7 февраль 2012 г.) | ||
| c | Ответственность | науч. ред. Е. Л. Конявская, П. Д. Малыгин ; М-во образования и науки РФ ФГБОУ ВО "Твер. гос. унт.", Ист. фак., Науч. б-ка | ||
| 260 | c | Дата издания | 2015 | |
| a | Место издания | Тверь | ||
| b | Издательство | Тверской государственный университет | ||
| 300 | a | Объем | 213 с., [3] л. цв. ил. | |
| b | Иллюстрации/ тип воспроизводства | ил., табл. | ||
| 504 | a | Библиография | Библиогр. в подстроч. примеч. | |
| 520 | 0_ | a | Аннотация | В научном сборнике представлены труды участников научной конференции "У истоков Российского государства. Тверь. Москва: к 700-летию со дня памяти великой княгини Ксении Тверской", заседания которой проходили в Твери и Кашине 6-7 февраля 2012 г. В сборник вошли также дополнительные статьи по тверской тематике зарубежных и отечественных исследователей. Материалы сборника адресованы всем, кто изучает региональную историю, а также специалистам различных областей знаний, студентам, аспирантам и педагогам |
| 653 | 0_ | a | Ключевые слова | История России |
| a | Ключевые слова | История Твери | ||
| a | Ключевые слова | Тверь, город | ||
| a | Ключевые слова | Тверская область | ||
| a | Ключевые слова | Тверская земля | ||
| a | Ключевые слова | Конференции | ||
| a | Ключевые слова | Тверское княжество | ||
| a | Ключевые слова | Тверские князья | ||
| a | Ключевые слова | Ксения Тверская, княгиня | ||
| a | Ключевые слова | Анастасия Тверская, княгиня | ||
| a | Ключевые слова | Бороздины, род | ||
| a | Ключевые слова | Шишковы, род | ||
| a | Ключевые слова | Краеведение | ||
| a | Ключевые слова | Труды Тверского государственного университета | ||
| 700 | 12 | a | Другие авторы | Богданов Сергей Владимирович |
| c | Титул (звание) | к.и.н., доц. | ||
| q | Полное имя | Богданов С. В. | ||
| 700 | 12 | a | Другие авторы | Гадалова Галина Сергеевна |
| c | Титул (звание) | к.и.н. | ||
| 700 | 12 | a | Другие авторы | Жилина Наталья Викторовна |
| c | Титул (звание) | д.и.н. | ||
| 700 | 12 | a | Другие авторы | Конявская Елена Леонидовна |
| c | Титул (звание) | д.ф.н., проф. | ||
| 700 | 12 | a | Другие авторы | Кочетков Игорь Александрович |
| 700 | 12 | a | Другие авторы | Кузьмин Андрей Валентинович |
| c | Титул (звание) | к.и.н. | ||
| 700 | 12 | a | Другие авторы | Лавренов Владимир Ильич |
| c | Титул (звание) | к.и.н. | ||
| 700 | 12 | a | Другие авторы | Малыгин Петр Дмитриевич |
| c | Титул (звание) | к.и.н., доц. | ||
| 700 | 12 | a | Другие авторы | Савельев Вячеслав Вадимович |
| 700 | 12 | a | Другие авторы | Сорочан Александр Юрьевич |
| c | Титул (звание) | д.филол.н. | ||
| 700 | 12 | a | Другие авторы | Тирет Изольда |
| c | Титул (звание) | д.и.н., проф. | ||
| 700 | 12 | a | Другие авторы | Тихон (Полянский), игумен |
| c | Титул (звание) | к.ф.н., доц. | ||
| 901 | t | Тип документа | m | |
| 920 | a | Оператор | Семен | |
| a | Оператор | Петр | ||
| a | Оператор | Стро | ||
| a | Оператор | Поля | ||
| 930 | a | Новая/Ретро | новая | |
| 952 | c | Вид литературы | К рн | |
| 954 | b | Дата поступления в ОК | 20160427 | |
| a | Дата поступления на обработку | 20160505 | ||
| c | Дата окончания ОНО | 20160516 | ||
| 954 | b | Дата поступления в ОК | 20161021 | |
| c | Дата окончания ОНО | 20161024 |